000 01080cam a2200265 a 4500
001 2935408
003 SISC
005 20170110132944.0
008 890925s1989 nyua j 000 0 eng
010 _a 89188897
040 _aDLC
_cDLC
_dDLC
050 0 0 _aBV 4531.2
_b.Q47 2008
082 0 0 _a248.8/3
245 0 0 _aQuestions young people ask, answers that work
_nVol. 1
260 _aBrooklyn, N.Y., U.S.A. :
_bWatchtower Bible and Tract Society of New York :
_bInternational Bible Students Association,
_c2008.
300 _a318 pages :
_billustrations (some color) ;
_c16 cm.
650 0 _aTeenagers
_xReligious life
_xMiscellanea.
650 0 _aTeenagers
_xConduct of life
_xMiscellanea.
650 0 _aChristian life
_xJehovah's Witnesses authors
_xJuvenile literature.
710 2 _aWatchtower Bible and Tract Society of New York.
710 2 _aInternational Bible Students Association.
906 _a7
_bcbc
_corignew
_d3
_encip
_f19
_gy-gencatlg
942 _2lcc
_cBK
999 _c296239
_d296239